[Event "WCPL 2018-9"]
[Site "?"]
[Date "2019.03.10"]
[Round "4.18"]
[White "Chong, Kimberly"]
[Black "Haigh, Tony"]
[Result "1-0"]
[WhiteElo "1757"]
[BlackElo "1766"]
[PlyCount "27"]
[EventDate "2018.??.??"]
[EventRounds "5"]
[EventCountry "WLS"]
[WhiteTeam "Cardiff"]
[BlackTeam "Cardigan"]

1. e4 Nf6 2. e5 Nd5 3. d4 d6 4. c4 Nb6 5. Nf3 (5. exd6) (5. f4 {main lines})
5... Bg4 6. Be2 (6. exd6) 6... dxe5 {main} 7. c5 (7. Nxe5 {more frequent}) 7...
Nd5 (7... e4 {main} 8. cxb6 (8. Ng5 Bxe2 9. Qxe2 Nd5) 8... exf3 9. Bxf3 Bxf3
10. Qxf3 Nc6 {chances for both sides}) (7... N6d7 {alternative} 8. Nxe5 {most
frequent} (8. Qb3 $18 {4 Wh wins, 2 draws})) 8. Nxe5 (8. Qb3 e6 (8... Nc6 9.
Qxb7 (9. Nc3) 9... Ndb4 10. Bb5 Bd7 11. Bxc6 Nxc6 12. Nxe5 $14) 9. Qxb7 Nd7 10.
Nxe5 Nxe5 11. dxe5 Bxe2 12. Qc6+ Ke7 13. Kxe2 $14 {Stockfish10- not yet played}
) 8... Bxe2 (8... Bf5 9. g4 (9. Qb3 $18) 9... Be4 10. f3 Bg6 11. Nc3 (11. Qb3
$18) 11... e6 12. h4 f6 13. Nxg6 hxg6 14. Qc2 $18 {Shipov-Kadiayev, Samara ch
2009,1-0} (14. Qb3 $18)) 9. Qxe2 c6 (9... Nd7 10. O-O (10. Nc3 Nxe5 11. Qxe5 e6
12. O-O $14 {Stockfish10}) 10... c6 11. Nd2 Nxe5 12. dxe5 Nf4 13. Qe3 Qd4 14.
Qxd4 (14. Nb3 Qxe3 15. Bxe3 Nd5 $11 {Stockfish10}) 14... Ne2+ 15. Kh1 Nxd4 16.
Ne4 f5 17. exf6 gxf6 18. Bd2 $15 {Ruckschloss-Modr, Harrachov 1970,0-1}) (9...
Nc6 10. Nc3 Nxe5 (10... Nxd4 11. Qc4 Nc2+ 12. Ke2 f6 (12... Nxa1 13. Nxd5 e6
14. Qb5+ c6 15. Qxb7 $18) 13. Rd1 (13. Nxd5) 13... fxe5 (13... Nxa1 14. Rxd5
Qc8 15. Nf7 $18 (15. Nd7 $18)) 14. Rxd5 Qc8 15. Rb1 Nd4+ 16. Kf1 $14 {
Stockfish10}) 11. Qxe5 {Stockfish10}) 10. Nc3 (10. Qf3 $1 $18 {Stockfish10} Nf6
11. Qb3 Qxd4 12. Qxf7+ (12. Nxf7 {also}) 12... Kd8 13. Qe6 Nbd7 14. Nf7+ Kc7
15. Nxh8 Nxc5 16. Qe3 Nd3+ 17. Kf1 (17. Ke2) 17... Qd7 18. Nc3 (18. Ke2 $18)
18... e5 19. Qh3 Qd4 (19... Ng4 $11) 20. Be3 $16 {Voge-Barthel, Ruhrgebiet
1997,1-0}) (10. O-O g6 11. Re1 Bg7 12. Nc3 e6 (12... O-O $11) 13. Nxf7 Kxf7 14.
Qxe6+ Kf8 15. Nxd5 cxd5 16. Bg5 (16. Bf4 $18) 16... Qd7 $15 {Brhlik-Sarson,
Olexa memorial Brno 2009,0-1}) 10... g6 (10... e6 11. Qh5 g6 12. Qf3 f6 13. Nc4
$16 {Stockfish10}) 11. Ne4 $18 Qc8 (11... e6 12. Ng5 f6 13. Nxe6 Qe7 14. Nc4
Kd7 15. Nxf8+ Rxf8 16. Be3 Na6 17. O-O $18 {Sztokbant-Valente, Cordeiropolis
2013,1-0}) (11... Qc7 12. h4 (12. Ng5 f6 13. Nef7 fxg5 14. Nxh8 e5 15. Bxg5 Qg7
16. O-O Qxh8 17. f4 $16 {Stockfish10}) 12... Bg7 13. Nxf7 Kxf7 14. Ng5+ Ke8 15.
Ne6 Qd7 16. Nxg7+ Kf7 17. Nh5 Qe6 (17... gxh5 18. Qxh5+ Kg8 19. Rh3 $18) 18.
Qxe6+ Kxe6 19. Nf4+ Nxf4 20. Bxf4 Nd7 21. Kf1 $18 {Stockfish10}) 12. Nxg6 $1
$18 Qe6 13. Nxh8 Bg7 (13... h6 $5 14. O-O Bg7 15. Nxf7 Kxf7 16. a4 $18) 14.
Nxf7 $1 1-0

[Event "WCPL 2018-9"]
[Site "?"]
[Date "2019.04.28"]
[Round "5.1"]
[White "Kett, Tim"]
[Black "Williams, A. Howard"]
[Result "1/2-1/2"]
[WhiteElo "2197"]
[BlackElo "2242"]
[Annotator "kemen"]
[PlyCount "92"]
[EventDate "2018.??.??"]
[EventRounds "5"]
[EventCountry "WLS"]
[WhiteTeam "The Full Ponty"]
[BlackTeam "Cardigan"]

1. e4 e5 2. Bc4 Nf6 3. d3 c6 4. Nf3 d5 5. Bb3 Bb4+ {to encourage Wh to
obstruct c3 for the N} 6. c3 (6. Bd2 Bxd2+ 7. Nbxd2 Nbd7 8. O-O O-O 9. Re1 Re8
10. d4 exd4 11. exd5 Rxe1+ 12. Qxe1 cxd5 13. Nxd4 Nc5 14. Qe5 {R Van
Kemenade-IC Jones, Dyfed League 2018, 1/2-1/2}) 6... Bd6 7. Bg5 (7. Nbd2 O-O 8.
O-O Nbd7 9. Re1 Qc7 10. Nf1 dxe4 11. dxe4 Nc5 12. Bc2 Rd8 13. Qe2 Be7 14. Ng3
g6 15. Bh6 {Ralphs-IC Jones, WCPL 2016,1/2-1/2}) 7... Be6 (7... dxe4 8. dxe4 h6
9. Bh4 Qe7 {main, eg Caqrlsen-Caruana, Sinquefield cup 2014,0-1}) 8. Nbd2 Nbd7
9. O-O (9. d4) 9... O-O 10. d4 h6 (10... Qc7 11. Re1 dxe4 12. Nxe4 Nxe4 13.
Rxe4 Bf5 14. Re1 e4 15. Nh4 Bxh2+ 16. Kh1 Be6 17. Rxe4 $16 {Dearlove-Ryan,ENG
ch corr 1990, 1/2-1/2}) (10... Re8 11. Re1 Qc7 12. dxe5 Nxe5 13. Bxf6 gxf6 14.
exd5 cxd5 15. Nf1 Bc5 16. Nxe5 fxe5 17. Qh5 f6 18. Rad1 $14 {Garbarino-Flamhum,
Buenos Aires op 1999,1-0}) 11. Bh4 exd4 12. exd5 (12. cxd4 g5 13. e5 Bb4 14.
Bg3 Ne4 15. Nxe4 dxe4 16. Bxe6 fxe6 17. Ne1 Qe8 18. Qb3 Bxe1 19. Raxe1 Nb6 20.
Rxe4 $16 {Komodo12}) 12... Bxd5 13. Bxd5 cxd5 14. Nxd4 $11 Qc7 (14... Re8) (
14... Qb6) 15. N2f3 Rfe8 16. Bxf6 (16. Bg3) 16... Nxf6 17. Nb5 (17. h3 Re4 18.
Qc2 Qd7 $11 {Komodo12; Bl has active piece play to compensate for the IQP})
17... Qb6 18. Nxd6 Qxd6 19. Re1 Rxe1+ 20. Qxe1 Re8 21. Qd2 Qa6 $11 (21... Ne4
$11) (21... Re4 $11) 22. Nd4 Qc4 23. a3 a6 (23... Ne4 24. Qf4 Nc5 25. Rd1 Qd3
26. Rf1 Qc4 $11 {Komodo12}) 24. f3 Kf8 (24... Nd7) 25. Re1 Rxe1+ 26. Qxe1 $14
Qd3 27. Kf2 g6 (27... Nd7 28. Qe3 Qb1 29. b4 Qa2+ 30. Ne2 Qc4 (30... Qxa3 31.
Qa7 Qa2 32. Qxb7 Ke7 33. Qa7 Qc4 34. Qe3+ Kf8 $14) 31. a4 $14 {Komodo12}) 28.
Qe3 Qxe3+ 29. Kxe3 Ke7 30. b4 $14 Kd6 31. Nb3 b6 (31... Nd7) 32. a4 Ne8 33. a5
bxa5 34. Nxa5 Ng7 (34... Nc7 35. Nb7+ Ke6 36. g3 h5 37. Nd8+ Kf6 38. Nc6 Nb5
39. Nb8 Ke5 40. Kd3 Nc7 41. Nc6+ Kd6 42. Nd4 g5 43. f4 gxf4 44. gxf4 Nb5 45.
Nf5+ Kd7 46. h4 Ke6 47. Ng7+ Kf6 48. Nxh5+ Kf5 49. Kd2 f6 50. Kd3 Nc7 51. Kd4
Nb5+ 52. Kxd5 Nxc3+ 53. Kc6 Ne2 54. Ng7+ Kxf4 55. Kb7 Kg4 56. h5 Kg5 57. Kxa6
Kh6 58. b5 Nc3 59. b6 Na4 $11 {Komodo12- one line out of many alternatives})
35. Nb7+ Kc7 36. Nc5 Nf5+ 37. Kf4 Kb6 $11 38. g4 Nh4 39. Nd7+ Kb5 40. Ne5 (40.
Ke3 Kc4 41. Nb6+ Kxc3 42. Nxd5+ Kc4 43. Nc7 Kxb4 44. Nxa6+ $11 {Komodo12})
40... f6 $15 41. Nd7 Ng2+ 42. Kg3 Ne3 43. Nxf6 Kc4 44. Nd7 (44. f4 Kxc3 45. f5
gxf5 46. Kf4 d4 47. gxf5 Kxb4 48. Ne4 a5 49. f6 Nd5+ 50. Ke5 Nxf6 51. Nxf6 d3
52. Kd4 d2 53. Nd5+ Kb3 54. Ne3 Kb2 55. Kc5 a4 56. Kb4 a3 57. Nc4+ Kc1 58. Nxd2
Kxd2 59. Kxa3 $11 {Komodo12}) 44... Kxc3 45. Nb8 d4 {Komodo12} (45... Kxb4 {
given by Stockfish10 as winning} 46. Nxa6+ Kc4 47. Kf2 d4 48. g5 (48. Ke2 g5
$19) 48... h5 49. Ke2 Ng2 50. Nc7 {by now Komodo12 agrees} h4 51. Ne6 h3 52.
Nc7 d3+ 53. Kd2 Nh4 54. Ke3 Nf5+ 55. Kd2 Ng3 56. Ke1 Kd4 57. f4 Ke4 58. Ne6 Ke3
$19) 46. Nxa6 d3 $11 (46... Nd5 {seems to retain a definite edge, both Engines,
but peters out in the end} 47. h4 Nxb4 (47... g5 48. hxg5 hxg5 49. Kf2 d3 50.
Nc5 Kc2 51. Nxd3 Kxd3 52. b5 $11) 48. Nc5 Kc4 49. Ne4 Kd3 50. Kf4 Ke2 51. Ng3+
Ke1 52. g5 d3 (52... h5 53. Ke5 Kf2 54. Ne4+ Kxf3 55. Kxd4 $11) 53. gxh6 d2 54.
h7 d1=Q (54... Nd3+ 55. Kg5 Ne5 56. f4 d1=Q 57. fxe5 Qd8+ 58. Kxg6 Qxh4 59. Nh5
Qe4+ $11 {Nalimov tablebases}) 55. h8=Q Nd3+ 56. Kg5 Qxf3 57. Qe8+ Kd1 58. Qa4+
$11 {Stockfish10}) (46... d3 47. Nc5 {only move to draw} Kc4 48. Nxd3 (48. Ne4
Kxb4 49. Kf2 Nd5 50. Ke1 Nf4 51. Kd2 Kc4 52. Nd6+ Kd4 53. Nb5+ $11) 48... Kxd3
49. h4 Nd5 50. f4 Ke4 51. h5 Nxf4 52. hxg6 Nxg6 53. b5 $11 {Stockfish10})
1/2-1/2

[Event "WCPL 2018-9"]
[Site "?"]
[Date "2019.04.28"]
[Round "5.2"]
[White "Jones, Iolo C"]
[Black "Adams, Mark"]
[Result "1-0"]
[WhiteElo "2187"]
[BlackElo "1971"]
[Annotator "kemen"]
[PlyCount "91"]
[EventDate "2018.??.??"]
[EventRounds "5"]
[EventCountry "WLS"]
[WhiteTeam "Cardigan"]
[BlackTeam "The Full Ponty"]

1. d4 Nf6 2. Nf3 e6 3. c4 Bb4+ {Iolo has more often been on the Bl side of
this line} 4. Bd2 (4. Nbd2 O-O 5. g3 {Jones-Denham, Dyfed League 2017,1-0})
4... Qe7 (4... a5 5. g3 {Jones-Watzka, EU Seniors tm 2016,1-0}) 5. Qc2 (5. g3 {
main, eg} O-O 6. Bg2 Bxd2+ 7. Nbxd2 Nc6 8. O-O d6 9. Rc1 {Jones-Anilkumar,
Luzern ol 1982,1/2-1/2}) 5... Nc6 6. e3 Bxd2+ 7. Nbxd2 a5 (7... d6 {main}) 8.
a3 d6 9. Bd3 e5 10. O-O O-O 11. d5 Nb8 12. b4 axb4 $146 {gives Wh extra space
on the Q side} (12... Na6 13. Rab1 {2 Wh wins, 1 draw, 1 Bl win}) (12... c6 13.
e4 Na6 {1 draw, 1 Bl win}) 13. axb4 $14 Rxa1 14. Rxa1 Re8 15. e4 (15. Qb1 $14 {
Komodo12}) (15. Ng5 $14 {Stockfish10}) 15... Na6 16. Rb1 (16. Qc3 $16 {Cloud
Engines}) 16... Nd7 (16... c6 $11 {Cloud Engines}) 17. Qa4 (17. c5 $16 {
Stockfish10 & Komodo12} dxc5 18. Bxa6 bxa6 19. bxc5 Qxc5 20. Qxc5 Nxc5 21. Rc1
Nd3 22. Rc3 Nf4 23. Rxc7 $16) 17... Ndb8 {Bl is getting a contorted position}
18. Nb3 g6 19. Rc1 (19. c5 $16) 19... f5 20. c5 (20. Nfd2 {Cloud Engines}) (20.
b5 Nc5 21. Nxc5 dxc5 22. b6 $16 {Komodo12}) 20... fxe4 21. Bxe4 Rf8 (21... Nd7)
22. cxd6 cxd6 (22... Qxd6 23. Nc5 b6 24. Nd3 $18 {Komodo12}) 23. b5 $18 Nc5 24.
Nxc5 dxc5 25. Qc4 Qf6 26. Qxc5 Bf5 27. Qe3 (27. Nd2 {Komodo12}) (27. Bxf5 Qxf5
28. Qe7 {Komodo12} (28. d6 {Fritz13})) 27... Nd7 (27... Bxe4 28. Qxe4 Nd7 29.
Qg4 $16 {Cloud Engines}) 28. Nd2 (28. Ng5 $18 {Stockfish10 & Komodo12}) 28...
Nb6 29. f3 (29. Rc7 $18 {Komodo12}) (29. d6 Qxd6 30. Bxb7 $18 {Stockfish10}) (
29. Bf3 {Fritz13, winning- Komodo12, definite plus}) 29... Qd6 30. Qc5 (30. Nc4
{Cloud Engines}) 30... Rd8 31. Qxd6 Rxd6 32. Nc4 Nxc4 33. Rxc4 Bd7 34. Rc7 (34.
b6 Rxb6 35. Rc7 Bf5 36. Kf2 $16 {Komodo12}) 34... Bxb5 35. Rxb7 Bd7 (35... Bc4
{Cloud Engines} 36. Rb2 Kf7 37. Rd2 Ke7 38. h4 Rd8 39. Kf2 Kd6 40. Kg3 $16 Kc5
41. Kg4) 36. Kf2 Kf7 37. Ke3 Kf6 38. Kd3 h5 (38... Ke7) 39. Kc4 Be8 (39... Ke7
$18 {Cloud Engines, lasts longer}) 40. Kc5 $18 Ra6 41. Rb8 (41. Rb6+) 41... Bf7
(41... Ke7 42. d6+ Kd7 43. Ra8 $18) 42. Rb6+ Rxb6 43. Kxb6 g5 44. Kc7 Be8 45.
d6 Ke6 46. Bg6 (46. Bc6) 1-0

[Event "WCPL 2018-9"]
[Site "?"]
[Date "2019.04.28"]
[Round "5.3"]
[White "Gilbert, Jonathan A"]
[Black "Heap, Gerry"]
[Result "0-1"]
[WhiteElo "2026"]
[BlackElo "2100"]
[Annotator "kemen"]
[PlyCount "70"]
[EventDate "2018.??.??"]
[EventRounds "5"]
[EventCountry "WLS"]
[WhiteTeam "The Full Ponty"]
[BlackTeam "Cardigan"]

1. e4 c5 2. Nf3 e6 3. d4 cxd4 4. Nxd4 Nf6 5. Nc3 d6 6. Be3 a6 7. g4 (7. f3 {
main}) 7... h5 (7... h6) (7... e5 {main lines}) 8. gxh5 (8. g5 Ng4 9. Bc1 {main
}) 8... b5 9. Bg2 Bb7 10. a3 Nbd7 11. Qe2 Rc8 $15 12. Rd1 $146 (12. Bd2 {0-2})
(12. O-O {0.5-1.5}) 12... Ne5 (12... Nxh5 $17 {Stockfish10}) (12... Rxc3 13.
bxc3 Bxe4 $17 {Komodo12}) 13. h6 (13. f4 $11 {Komodo12}) 13... gxh6 14. f4 Nc4
15. Bc1 Rg8 $17 16. Bf3 (16. O-O Nxa3 $15 {Komodo12}) 16... Qb6 17. e5 {the
break just helps the Bl pieces become more active} (17. Rd3 Nd7 $17 {Komodo12})
17... dxe5 $19 18. fxe5 Bc5 (18... Nd7 $19) 19. Bxb7 (19. Nxe6 Bxf3 20. Qxf3 {
Cloud Engines} Nxe5 21. Qxf6 Qxe6 22. Qxe6+ fxe6 23. Ne4 Rg2 24. Bd2 Be7 25.
Kf1 Rg4 26. Nf2 Rg6 27. Bc3 Nc4 $15 {Komodo12}) 19... Qxb7 20. Qf3 Qxf3 21.
Nxf3 Ng4 22. Ne4 Ke7 23. b3 Ncxe5 24. Nxe5 Nxe5 25. Bxh6 f5 (25... Bxa3 $19 {
Cloud Engines}) 26. Ng3 (26. Nxc5 Rxc5 27. Bf4 Kf6 28. Bxe5+ Rxe5+ 29. Kf2 Rc5
30. Rd2 Rgc8 31. Rc1 Rc3 $17 {Komodo12}) 26... Bxa3 (26... Ng4 27. Bf4 Nf2 $19
{Cloud Engines}) 27. Ra1 Bb4+ 28. Kd1 a5 (28... Ng4 $19 {Cloud Engines}) 29.
Bf4 (29. Rf1) 29... Rgd8+ $19 30. Ke2 (30. Kc1 Nd3+) 30... Rxc2+ 31. Kf1 Nf7 (
31... Rd3 {mating}) 32. Ne2 e5 33. Bg3 Ke6 (33... Rdd2) 34. Be1 Bxe1 35. Kxe1
Rdd2 (35... Rdd2 36. Ng3 {and depending on Engine Bl can choose} Ng5 $19 (36...
f4 $19) (36... e4 $19)) 0-1

[Event "WCPL 2018-9"]
[Site "?"]
[Date "2019.04.28"]
[Round "5.4"]
[White "Van Kemenade, R."]
[Black "Perrett, D."]
[Result "0-1"]
[WhiteElo "1925"]
[BlackElo "1927"]
[Annotator "kemen"]
[PlyCount "108"]
[EventDate "2018.??.??"]
[EventRounds "5"]
[EventCountry "WLS"]
[WhiteTeam "Cardigan"]
[BlackTeam "The Full Ponty"]

1. Nf3 (1. f4 f5 2. Nf3 Nf6 3. g3 g6 4. Bg2 Bg7 5. O-O (5. d3 c6 6. c3 Qb6 7.
d4 d6 8. Nbd2 {Van Kemenade-Perrett, WCPL oct 2007,1/2-1/2}) 5... c6 6. d3 Qb6+
7. e3 Ng4 8. d4 d6 9. c4 Nd7 10. Nc3 O-O {Van Kemenade-Perrett,WCPL jun 2007,
1-0}) 1... f5 2. e4 fxe4 3. Ng5 Nf6 4. d3 e6 (4... e3) (4... e5) (4... d5) (
4... exd3) 5. Nc3 (5. dxe4 Nc6 {main} (5... h6 6. Nf3 (6. Nh3 e5 7. Bc4 d6 8.
Ng1 Qe7 9. Nc3 Bg4 10. Nge2 Be6 11. Bb3 Bxb3 12. axb3 Nc6 13. O-O) 6... Bc5 (
6... Nxe4 7. Bd3 d5 8. Ne5 Qh4 9. Be3 $16) 7. Bd3 O-O $11 {2-0})) 5... Be7 (
5... Bb4 {must be better}) 6. dxe4 (6. Ncxe4 O-O 7. d4 Nc6 8. c3 Nxe4 9. Nxe4
d5 $15 {Baron-Hunon, Torcy op 1991, 1/2-1/2}) 6... Nc6 7. Bb5 (7. f4 $14 {
Cloud Engines, 2-0}) (7. Bd3 Ne5 8. O-O (8. Be2) 8... O-O {1 game each}) 7...
O-O 8. O-O Ne5 (8... h6 9. Nf3 a6 10. Bxc6 bxc6 $11 {Stockfish10}) 9. f4 Nf7
10. Nxf7 (10. e5 Nd5 (10... Ne8 11. Nxh7 (11. Bd3 Bxg5 12. fxg5 g6 13. Qe2 $18)
11... Kxh7 12. Bd3+ Kg8 13. Qh5 Nh6 14. Be3 Rf5 15. Qh3 c6 16. Rad1 d5 17. g4
$18 {Stochfish10}) 11. Nxf7 Nxc3 12. Nh6+ gxh6 13. bxc3 Kh8 14. Be3 $18 {
Stockfish10}) 10... Rxf7 11. e5 Ne8 12. Bd3 (12. Ne4) 12... Bc5+ {not the best}
(12... d5) (12... g6 {expected}) 13. Kh1 g6 14. Ne4 Be7 15. Be3 (15. Nf2) (15.
Bd2) 15... d5 16. Nf2 (16. exd6 cxd6 17. Qd2 Ng7 $16 {Stockfish10}) (16. Ng5
Bxg5 17. fxg5 Rxf1+ 18. Qxf1 b6 19. Qf4 $14 {once the N gets to f5 & Wh takes,
it leaves opposite colour Bs}) 16... c5 17. c3 (17. Ng4 $16) 17... Bd7 18. Ng4
Bf8 (18... Kh8) 19. Rf3 $18 Bc6 20. Rh3 (20. Rg3) 20... b6 21. Qe2 (21. Qc2 $18
{considered} Rg7 (21... Rf5) (21... Bg7 22. Bxg6 hxg6 23. Qxg6 Kf8 24. f5 (24.
Nh6) 24... exf5 25. Nh6 $18 (25. Rf1)) 22. Nh6+ Kh8 23. Bxg6 $18 {missed})
21... Bg7 22. Rf1 Nc7 23. Qe1 (23. Qc2 $18 d4 24. cxd4 cxd4 25. Bd2 Qd5 26. Rg3
Qc5 27. Qb1 Be8 28. Bxg6 hxg6 29. Qxg6 Qb5 30. Re1 Kf8 31. Nf6 Ke7 32. Rb3 Qc4
33. Bb4+ Kd8 34. Nxe8 Kxe8 35. Bd6 Rc8 36. Rb4 Qd5 37. Rd1 $18 {Stockfish10})
23... Bb5 24. Bxb5 Nxb5 25. Bf2 Nc7 (25... Rxf4 26. Bh4 Rxf1+ 27. Qxf1 Qd7 28.
Rf3 $16 {Stockfish10}) 26. Bh4 Qf8 27. Bf6 $18 Ne8 28. Bxg7 Kxg7 29. Qh4 (29.
Nh6 $1 {who gives up the exchange} Re7 (29... Rd7 30. f5 gxf5 31. g4 $18) 30.
g4 Kh8 31. f5 exf5 32. gxf5 g5 33. Ng4 Rf7 34. f6 $18 {Stockfish10}) 29... Kh8
(29... h5 30. Ne3 d4 31. Nc4 b5 32. Nd2 Nc7 33. Ne4 Nd5 34. Ng5 $18 {
Stockfish10}) 30. Qg5 (30. Nh6 Rg7 (30... Rb7 31. f5 exf5 32. g4 $18 {
Stockfish10}) 31. Rhf3 (31. g4) 31... Qe7 32. Qh3 Nc7 33. g4 Rf8 34. f5 exf5
35. gxf5 Qe8 (35... Qxe5 36. f6 $18) 36. fxg6 Rxf3 37. Qxf3 Rxg6 38. Nf7+ Kg8
39. Nd6 Qe7 40. Qh3 $18 {Stockfish10}) (30. f5 exf5 31. Nh6 Re7 32. g4 Rxe5 33.
gxf5 Re4 34. Qg3 Ng7 35. f6 Ne6 36. Rh4 Rxh4 37. Qxh4 d4 38. f7 Qg7 39. Re1 $18
{Stockfish10}) 30... Qg7 31. Nh6 $16 (31. Rhf3 $16) 31... Rd7 (31... Rf8) 32.
Qg4 (32. f5 exf5 (32... gxf5 33. Qf4 Qe7 34. g4 Ng7 35. g5 Rf8 36. g6 Ne8 $18 {
Stockfish10}) 33. g4 $18 {Stockfish10}) 32... Re7 (32... Nc7 33. Qe2 Rf8 34.
Ng4 $16 {Stockfish10}) 33. Qh4 Rc8 34. g4 $18 Nc7 35. f5 exf5 (35... g5 36. Qh5
) 36. gxf5 g5 (36... Qxe5 37. fxg6 Qe4+ 38. Qxe4 dxe4 (38... Rxe4 39. Nf5 {
mating}) 39. Nf7+ Kg7 40. Nd6 (40. gxh7 Rxf7 41. Rg3+ Kh8 42. Rxf7) 40... hxg6
(40... Rf8 41. Rxf8 Kxf8 42. gxh7) 41. Nxc8 $18 {Stockfish10}) 37. Qg4 (37. Qh5
{first idea} Qxe5 38. Nf7+ (38. f6) 38... Rxf7 39. Qxf7 Qe4+ 40. Kg1 Qg4+ 41.
Rg3 Qh4 42. f6 (42. Qd7) 42... Qh6 43. Rh3 Rf8 44. Qe7 Re8 45. Qxe8+ Nxe8 46.
Rxh6 {mating}) (37. Qe1 $1 {Stockfish10} Ree8 38. Ng4 Nb5 39. f6 Qg6 40. f7 Rf8
41. e6 Qe4+ 42. Qxe4 dxe4 43. Nf6 Kg7 44. Rxh7+ Kg6 45. Nd7 Kxh7 46. Nxf8+ Rxf8
47. e7) 37... Qxe5 38. Qxg5 (38. f6 {pm analysis} Qe4+ 39. Qxe4 Rxe4 40. Nf7+
Kg8 41. Nxg5 $1 (41. Nd6 Rf8 42. Nxe4 dxe4 43. Rf5 Ne6 44. Rh6 Kf7 45. Re5 $18
{but more difficult})) (38. Rhf3 $16) 38... Rg7 $11 (38... Rf8 $11) 39. Qh5 (
39. Qe3 $11) (39. Qf4 $11) 39... Rf8 40. Rhf3 (40. Qf3 $11) (40. Rg3 $11) (40.
Qh4 Ne8 41. Re1 Qf6 42. a4 $11) (40. f6 Rxf6 41. Qxe5 Rxf1#) 40... Qe4 $17 41.
Qh3 (41. Rg1) 41... Ne8 $19 (41... Rf6 $19) 42. f6 Rxf6 (42... Nxf6 43. Nf5
Rgf7 (43... Rg6 $15) 44. Nd6 $18) 43. Nf5 Rgf7 (43... Rg4) 44. Ng3 (44. Nh4
Rxf3 45. Nxf3 Nd6 $19) 44... Rxf3 45. Nxe4 Rxf1+ 46. Kg2 dxe4 47. Qe6 R7f2+ 48.
Kg3 Rf3+ (48... Nf6) 49. Kg2 Nf6 50. Qe7 R1f2+ (50... R3f2+ 51. Kg3 Nh5+ 52.
Kh3 Nf4+ 53. Kg4 Ng6) 51. Kg1 e3 52. Qf8+ Ng8 53. Qe8 e2 54. Qe5+ Rf6 0-1

[Event "WCPL 2018-9"]
[Site "?"]
[Date "2019.04.28"]
[Round "5.5"]
[White "Waterfield, John W"]
[Black "Haigh, Tony"]
[Result "1/2-1/2"]
[WhiteElo "1928"]
[BlackElo "1756"]
[Annotator "kemen"]
[PlyCount "130"]
[EventDate "2018.??.??"]
[EventRounds "5"]
[EventCountry "WLS"]
[WhiteTeam "The Full Ponty"]
[BlackTeam "Cardigan"]

1. e4 e6 2. d4 d5 3. Nc3 Nf6 4. e5 Nfd7 5. f4 c5 6. Nf3 Nc6 7. Be3 a6 8. Qd2 b5
{main} (8... cxd4 9. Nxd4 Nxd4 10. Bxd4 b5 11. Qe3 Bb4 12. Bd3 O-O 13. O-O f5
14. exf6 Nxf6 15. a4 Bxc3 16. Bxc3 Bd7 17. axb5 axb5 18. b4 Qc7 19. Rxa8 Rxa8
20. Be5 Qb7 21. Bxf6 gxf6 22. Qg3+ Kh8 23. Qh4 Bc8 24. Qxf6+ {Strugnell-Haigh,
West Wales op 2014,1-0}) 9. dxc5 {Old Main Line-Aagard & Ntirlis} (9. a3 {
Modern Line, to discourage b4}) 9... Bxc5 10. Nd4 (10. Bxc5 Nxc5 11. Qf2 Qb6
12. Bd3 {main, 56% for Wh}) (10. Ne2 {alternative- to keep a N on d4}) 10...
Nxd4 (10... Qb6 {main}) 11. Bxd4 Bxd4 (11... Qb6) 12. Qxd4 Qb6 13. O-O-O b4
$146 (13... Qxd4 14. Rxd4 Nb6 {main, 2 Wh wins, 4 draws}) 14. Na4 (14. Qxb6
Nxb6 15. Ne2 Ke7 16. Nd4 {Cloud Engines, puts the N on d4 where it belongs})
14... Qxd4 15. Rxd4 a5 16. Bb5 Rb8 17. Bc6 (17. c4 bxc3 18. Nxc3 $11 {Cloud
Engines}) 17... Kd8 18. Bxd7 Bxd7 19. Nc5 Rb5 20. Nb3 (20. Nd3) 20... a4 21.
Nd2 Ke7 22. Rd1 Rc8 (22... Rb7) 23. Ne4 {[%eval 0,0] Komodo12- but the entire
Wh system is based on putting a N onto d4 with play against the bad French} (
23. Nf3 {Stockfish10} b3 24. axb3 Rxb3 25. R1d3 Rb5 26. Ra3 Rb7 27. c3 Ra8 $11
{Komodo12}) 23... dxe4 (23... b3 $11 {Stockfish10 & Komodo12}) 24. Rxd7+ Ke8
$11 25. R7d4 (25. Ra7 Rbc5 26. Rd2 e3 27. Re2 Rc4 28. g3 b3 29. axb3 axb3 30.
c3 $14 {Komodo12}) 25... Rbc5 26. R1d2 e3 27. Re2 Rc4 (27... b3 28. c3 Rc4 29.
Rxc4 Rxc4 30. axb3 axb3 31. Rxe3 Rxf4 $11 {Komodo12}) 28. Rxc4 Rxc4 29. g3 (29.
Rxe3) 29... b3 (29... Re4 30. b3 Kd7 $11 {Komodo12}) 30. axb3 axb3 31. Kd1 (31.
h4 {holds up a later g5} f6 32. exf6 gxf6 33. Rxe3 Rxc2+ 34. Kb1 Ke7 35. Rxb3
Rg2 36. Rd3 $14 {Komodo12} (36. Rc3 Kd6 37. b4 Kd5 38. b5 Kd4 39. Rc7 Rxg3 40.
Kc2 h5 41. b6 Rg8 42. b7 Rb8 43. Kb3 Kd5 44. Kc3 e5 45. fxe5 Kxe5 46. Kd3 Kd6
47. Rf7 Kc6 48. Rxf6+ Kxb7 49. Rh6 $11 {Komodo12})) 31... Rd4+ 32. Kc1 (32. Ke1
{going to block the passed pawn with the K looks more positional} Rc4 33. c3
Re4 34. Kf1 g5 35. fxg5 Rxe5 36. h4 f6 37. gxf6 Kf7 38. Kg2 Kxf6 39. Kf3 Rd5
40. Kxe3 $16 {Komodo12}) 32... Rc4 33. Kd1 Rd4+ 34. Ke1 bxc2 (34... Rc4) (34...
Kd7) 35. Rxc2 Rb4 (35... Rd3 36. Ke2 Rb3 $11 {Komodo12}) 36. Re2 (36. Ke2 {
Cloud Engines}) 36... f6 37. exf6 gxf6 38. Kd1 (38. Rxe3 Kf7 39. b3 e5 $14 {R
& 3 vs R & 2 is looming}) 38... Kd7 39. Kc2 e5 40. fxe5 fxe5 41. Rxe3 Ke6 42.
Kc3 Rd4 (42... Rb7 43. b4 Kd5 $14 {Komodo12}) 43. b4 $16 h5 44. h3 (44. Rd3 {
at once , seems to leave the K side pawns less vulnerable for later} Rg4 45. b5
h4 46. b6 Rg8 47. Kc4 hxg3 48. hxg3 {& Wh mates in 27; Lomonosov tablebases})
44... Kf5 45. Rd3 Re4 46. b5 Ra4 47. b6 Ra8 (47... Ra6 {Stockfish10} 48. Rd6
Ra1 49. Rd2 Ra3+ 50. Kc4 Rxg3 51. b7 Rg8 52. Kd5 Rb8 53. Rf2+ Kg5 54. Rb2 Kf5
55. Kc6 e4 56. Kc7 Rxb7+ 57. Rxb7 e3 58. Kd6 Ke4 59. Rh7 h4 60. Rxh4+ Kf3 61.
Kd5 $18 (61. Rh5 $18)) 48. b7 (48. Kc4 {using the K is an easier way to force
a passed pawn through} Ke6 49. Kc5 (49. b7 Rb8 50. Rb3 Kd6 51. g4 hxg4 52. hxg4
Kc6 53. g5 {should also work, but requires a bit more calculation}) 49... Rc8+
50. Kb5 Rc1 51. b7 Rb1+ 52. Ka6 e4 53. Ra3 Kd5 54. Ka7 e3 55. Rxe3 Ra1+ 56. Kb8
Kd6 57. Rd3+ Ke6 58. Rc3) 48... Rb8 49. Rd7 Ke4 (49... Ke6 {Cloud Engines} 50.
Rh7 Kd5 51. Kd3 Rg8 52. g4 hxg4 53. hxg4 {zugzwang} Ke6 54. g5 (54. Rc7 Rb8 55.
Ke4 Kf6 56. Kd5 $18) 54... Kf5 55. Rf7+ Kxg5 56. Rg7+ (56. Ke4 Kg6 57. Rc7 Rb8
58. Kxe5 $18)) 50. Kc4 $18 {Komodo12} (50. Rf7 $18 {Komodo10}) (50. g4 $18 {
Fritz16}) 50... Kf3 51. g4 hxg4 52. hxg4 (52. Rf7+ $1 {Cloud Engines,
persuades the K away from the e pawn}) 52... Kxg4 {now its drawn, Nalimov
tablebases} 53. Kd5 Kf5 54. Rf7+ Kg6 55. Rd7 Kf5 56. Kc6 e4 57. Kc7 Rh8 (57...
Rxb7+ {at once also draws}) 58. Rd8 Rh7+ 59. Kc6 Rxb7 60. Kxb7 e3 61. Kc6 Ke4
62. Kc5 e2 63. Kc4 Ke3 64. Re8+ Kd2 65. Rd8+ Kc2 {an escape reminiscent of
Haigh-Waterfield, WCPL 2015, 1/2-1/2; though there, with 2 pawns in a R ending,
Bl allowed a perpetual or stalemate.} 1/2-1/2